000 00882nas a2200301 454500
001 IICA0700970
003 BR-BrBNA
005 20260323111558.0
007 ta
008 260323b bl.|||p| |||| 00| 00por d
040 _aBR-BrBNA
_bpor
_cBiblioteca Nacional de Agricultura
041 _a(Es)
072 _aF01
100 1 _aCarceller, M.
100 1 _aSoriano, A.
245 1 _aAcción de las citocininas sobre el crecimiento de plántulas de trigo sometidas a sequía
300 _av. 27(3) p. 293-298
650 _aTRIGO
650 _aPLANTULA
650 _aTRITICUM AESTIVUM
650 _aCRESCIMENTO
650 _aCITOQUININA
650 _aESTIMULANTE DE CRESCIMENTO VEGETAL
650 _aSECA
773 0 _tTURRIALBA (IICA)
_X0041-4360
_g(Jul-Sep 1977), v. 27(3) p. 293-298
_wIICA0700970
909 _a202603
_bLúcia
_c55
_dLúcia Elande
942 _2IICA
_n0
_cANA
999 _c340954
_d340954